Responses for Show #8525 - Friday, December 3, 2021

Amy Schneider game 13.

Contestants

[<< previous game]

Andrew Rafner, a set decorator from Thousand Oaks, California

Brooke Sachs, a user experience designer from Washington, D.C.

Amy Schneider, an engineering manager from Oakland, California (whose 12-day cash winnings total $483,000)

[next game >>]

Jeopardy! Round responses

THE FRANCO-PRUSSIAN WAR
IT'S A SCIENCE
ANIMAL MASCOTS
(Ken: You need to name the type of animal each company uses.)
TRENDING
CANADIAN SPORTS
YOU GET A "C"
    $200 10
Napoleon

Amy
    $200 29
meteorology

Amy
    $200 14
a mouse

Brooke
    $200 1
(Andrew: What is a corset?)
(Amy: What is a cravat?)

a choker

AmyBrookeAndrew
    $200 8
the Expos

Amy
    $200 30
a cursor

Amy
    $400 11
a (hot air) balloon

Amy
    $400 28
physics & chemistry

Brooke
    $400 13
a kangaroo

Andrew
    $400 18
a slip dress

Brooke
    $400 7
Toronto

Amy
    $400 24
cerebral

Amy
    $600 12
a machine gun

Brooke
    $600 27
economics

Amy
    $600 2
a stork

Andrew
    $600 23
Chanel No. 5

Brooke
    $600 6
(the) Calgary (Flames)

Amy
    $600 20
contiguous

Andrew
    $800 16
Bismarck

Amy
    $800 26
igneous

Amy
    $800 4
a deer

Andrew
    $800 15
bobby socks

Amy
    $800 5
the Grey Cup

Amy
    $800 21
cloister

Amy
    $1000 17
(Amy: What is deployment?)

muster(ing) (mobilization)

AmyAndrew
    $3,000 25
ecology

Amy
    $1000 3
a frog

Brooke
    $1000 19
Bloomingdale's

Brooke
    $1000 9
the decathlon

Amy
    $1000 22
(Ken: You want [*], by the way, if you have a choice.)
[Laughter]

concurrent & consecutive

Amy

Scores at the first commercial break (after clue 15):

Amy Brooke Andrew
$4,200 $2,000 $1,600

Scores at the end of the Jeopardy! Round:

Amy Brooke Andrew
$11,000 $4,400 $3,200

Double Jeopardy! Round responses

NOVELS
PUT UP YOUR DUKES
PULLING INTO "TOWN"
IT'S HYPHENATED
DENNIS QUAID MOVIE ROLES
(Ken: We'll give you the role; you name the film.)
EPONYMS
    $400 8
The Last of the Mohicans

Amy
    $400 14
Buckingham

Amy
    $400 19
Cape Town

Brooke
    $400 29
the Anglo-Saxons

Amy
    $400 11
Footloose

Amy
    $400 30
(Ken: That takes you to $33,400; you should be very happy with that round--happier than Brooke or Andrew or, indeed, Mr. Dennis Quaid.)

Ferris

Amy
    $800 9
Invisible Man

Andrew
    $800 15
(Amy: Who is Cornwallis?)
(Andrew: Uh, sorry.)
(Ken: No guess?)
(Andrew: No.)
...
(Ken: Even worse for the French than Cornwallis--[*].)

Duke of Wellington

AmyAndrew
Triple Stumper
    $800 23
Georgetown

Amy
    $800 28
3-dimensional

Amy
    $800 3
(Ken: I don't feel like Dennis is letting us down; I feel like maybe we're letting him down.)
(Andrew: There's Randy.)
[Ken laughs]

The Right Stuff

Triple Stumper
    $800 4
(Nellie) Melba

Amy
    $2,400 10
(Andrew: Dennis Quaid-- don't let me down--for $400.)
[Laughter]

Exodus

Andrew
    $1200 16
the Duke of Windsor

Amy
    $1200 24
Jamestown

Amy
    $1200 20
walk-ons

Amy
    $1200 2
(Amy: What is Pearl Harbor?)

Midway

Amy
Triple Stumper
    $1200 5
(Simone) Biles

Amy
    $1600 12
The Razor's Edge

Triple Stumper
    $1600 17
Cambridge

Triple Stumper
    $6,000 25
(Ken: Yes, Cornwallis is now helping you.)

Yorktown

Amy
    $1600 21
wasp-waisted

Amy
    $1600 1
(Andrew: No.)
(Ken: Nothing?)

The Rookie

Andrew
Triple Stumper
    $1600 6
Hodgkin's

Amy
    $2000 13
All the King's Men

Amy
    $2000 18
(Ken: That's correct, yes; you didn't sound sure.)

Handel

Amy
    $2000 26
North Tarrytown

Triple Stumper
    $2000 22
mezzo-soprano

Amy
    $2000 27
(Amy: What is JFK?)
...
(Ken: I regret to announce we have gone 1 for 5 in the Dennis Quaid film canon.)

The Big Easy

Amy
Triple Stumper
    $2000 7
(Ken: That's right, they called it the "mini ball".)

MiniƩ

Amy

Scores at the end of the Double Jeopardy! Round:

Amy Brooke Andrew
$33,400 $4,800 $4,000
(lock game)

[wagering suggestions for these scores]

Final Jeopardy! Round responses

ORGANIZATIONS
(Ken: IDK LOL--it sounds like an organization, like maybe a labor union?)
...
(Ken: [*] grants a child's wish almost twice an hour.)
AndrewWhat is IDK LOL
$2,000
BrookeWhat is Feed the Children?
$3,999
AmyWhat is Make A Wish?
$20,000
the Make-A-Wish Foundation

Final scores:

Amy Brooke Andrew
$53,400 $801 $2,000
13-day champion: $536,400 3rd place: $1,000 2nd place: $2,000

Game dynamics:

Coryat scores:

Amy Brooke Andrew
$27,000 $4,800 $2,800
36 R
(including 2 DDs),
5 W
9 R,
0 W
7 R
(including 1 DD),
3 W

Combined Coryat: $34,600

[game clues] [game scores] [suggest correction]

Game tape date: 2021-10-05
The J! Archive is created by fans, for fans. Scraping, republication, monetization, and malicious use prohibited; this site may use cookies and collect identifying information. See terms. The Jeopardy! game show and all elements thereof, including but not limited to copyright and trademark thereto, are the property of Jeopardy Productions, Inc. and are protected under law. This website is not affiliated with, sponsored by, or operated by Jeopardy Productions, Inc. Join the discussion at JBoard.tv.